[Event "SLO-chT U16"]
[Site "Murska Sobota"]
[Date "2018.05.13"]
[Round "5"]
[White "Bauman, Vid"]
[Black "Hiti, Erik"]
[Result "1/2-1/2"]
[WhiteElo "1785"]
[BlackElo "1494"]
[PlyCount "96"]
[EventDate "2018.05.11"]
[EventType "team-swiss"]
[EventRounds "5"]
[EventCountry "SLO"]
[SourceTitle "EXT 2020"]
[Source "ChessBase"]
[SourceDate "2019.10.17"]
[SourceVersion "1"]
[SourceVersionDate "2019.10.17"]
[SourceQuality "1"]

1. d4 d6 2. Bf4 g6 3. Nd2 Bg7 4. Ngf3 Nf6 5. e4 0-0 6. Bd3 Bg4 7. h3 Bxf3 8. Nxf3 Nc6 9. c3 Nd7 10. d5 Nce5 11. Be2 Nxf3+ 12. Bxf3 e5 13. Bd2 Nc5 14. 0-0 f5 15. b4 Nd7 16. c4 f4 17. Bg4 Nf6 18. Be6+ Kh8 19. Qe2 Nh5 20. Bg4 Nf6 21. Bf3 h6 22. g3 Nh7 23. h4 g5 24. hxg5 Nxg5 25. Bg4 f3 26. Qd3 Qf6 27. Kh2 Rae8 28. Bf5 Kg8 29. Bxg5 hxg5 30. Qxf3 Qh6+ 31. Kg2 Kf7 32. Rh1 Qf6 33. Rh7 Ke7 34. c5 Rh8 35. Rah1 Rxh7 36. Rxh7 Rh8 37. Rxh8 Bxh8 38. Bc8 Qxf3+ 39. Kxf3 b6 40. c6 g4+ 41. Kxg4 Kf6 42. Kh5 Bg7 43. a4 Bf8 44. f4 exf4 45. gxf4 Bg7 46. Be6 Bf8 47. e5+ dxe5 48. fxe5+ Kxe5 1/2-1/2

[Event "SLO-chT U16"]
[Site "Murska Sobota"]
[Date "2018.05.12"]
[Round "3"]
[White "Bauman, Vid"]
[Black "Zerovec, Adam"]
[Result "1-0"]
[WhiteElo "1785"]
[BlackElo "1648"]
[PlyCount "63"]
[EventDate "2018.05.11"]
[EventType "team-swiss"]
[EventRounds "5"]
[EventCountry "SLO"]
[SourceTitle "EXT 2020"]
[Source "ChessBase"]
[SourceDate "2019.10.17"]
[SourceVersion "1"]
[SourceVersionDate "2019.10.17"]
[SourceQuality "1"]

1. d4 Nf6 2. g3 d6 3. Nf3 Bf5 4. Bg2 g6 5. c3 Bg7 6. 0-0 0-0 7. Re1 Qd7 8. Nfd2 d5 9. c4 Bh3 10. cxd5 Nxd5 11. e4 Nf6 12. e5 Nd5 13. Nc3 c6 14. Nc4 Qe6 15. Ne3 Nxe3 16. Bxe3 Na6 17. d5 Qxe5 18. Bc5 Qc7 19. Bxe7 Rfe8 20. d6 Qd7 21. Bxh3 Qxh3 22. d7 Red8 23. Bxd8 Rxd8 24. Re8+ Rxe8 25. dxe8Q+ Bf8 26. Qd6 Qh6 27. Qf6 Qg7 28. Ne4 Nc7 29. Qxg7+ Kxg7 30. Qe5+ Kh6 31. Ng5 Bg7 32. Nxf7# 1-0